LEADER 01669nam a2200325 a 4500 001 000000151486 003 CaOOAMICUS 005 20160503103014.0 008 160503s2008 xxu u000 u eng r 020 $a978-1-60791-069-5* 032 $aLibriCat 040 $aPUL$bita 082 04$a956 100 1 $aHewitt, Hugh.$0(OLS)http://pul/name/96383 245 14$aThe war against the West :$bcrucial conversations with the most informed experts about our enemies, our defenses, our strategy and our leaders in the long war against Islamist extremism /$cHugh Hewitt ; featuring interviews with Lawrence Wright ... [et al.]. 260 $a[S.l.] :$bTownhall Press,$cİ2008. 300 $aviii, 531 p. ;$c23 cm. 504 $aBibliografia in nota. 650 4$aIslamismo$ySec. XXI.$0(OLS)http://pul/subject/42789 650 4$aTerrorismo$xAspetti religiosi.$0(OLS)http://pul/subject/42786 650 4$aIslam e Occidente.$0(OLS)http://pul/subject/38725 700 1 $aWright, Lawrence.$0(OLS)http://pul/name/96384 850 $aPUL 852 $aPUL$W1$xSL Cons. Gen., Altre Classi 3$y75$m956 HEWHU 1$j174051$qDDC 21$B176504$CPULBib$Z2$F176504 $H127676 $81 941 1 $a9 996 $6020$a978-1-60791-069-5*$9(OLS)http://pul/number/160341 996 $6082$a956$9(OLS)http://pul/classification/2301 996 $6245$aThe war against the West :$bcrucial conversations with the most informed experts about our enemies, our defenses, our strategy and our leaders in the long war against Islamist extremism$9(OLS)http://pul/title/190753 996 $6260$a[S.l.] :$bTownhall Press$9(OLS)http://pul/publisher/84901 LEADER 01487nam a2200325 a 4500 001 000000163116 003 CaOOAMICUS 005 20171005085155.0 008 171004s2014 it ahf u000 u ita r 020 $a978-88-02-08702-3* 032 $aLibriCat 040 $aPUL$bita 082 04$a850 100 1 $aBerni, Francesco,$d1497/8-1535.$0(OLS)http://pul/name/56328 245 10$aOpere di Francesco Berni e dei berneschi /$ca cura di Giorgio Barberi Squarotti e Moreno Savoretti . 260 $aTorino :$bUnione Tipografico-Editrice Torinese,$cİ2014. 300 $a777 p., [7] c. di tav. :$bill., facsim. ;$c24 cm. 490 1 $aClassici italiani 650 4$aLetteratura italiana$ySec. XVI.$0(OLS)http://pul/subject/5293 700 1 $aBarberi Squarotti, Giorgio,$d1929-2017.$0(OLS)http://pul/name/429 700 1 $aSavoretti, Moreno.$0(OLS)http://pul/name/104754 830 0$aClassici italiani (UTET).$0(OLS)http://pul/title/6039 850 $aPUL 852 $aPUL$W1$xSL Cons. Gen., Altre Classi 3$y75$m850 COLL 1.112$j187193$qDDC 21$B190361$CPULBib$Z2$F190361 $H130095 $81 941 1 $a9 996 $6020$a978-88-02-08702-3*$9(OLS)http://pul/number/163159 996 $6082$a850$9(OLS)http://pul/classification/488 996 $6245$aOpere di Francesco Berni e dei berneschi$9(OLS)http://pul/title/202855 996 $6260$aTorino :$bUnione Tipografico-Editrice Torinese$9(OLS)http://pul/publisher/48798